Multi-Category Foursomes Quiz Stats

 Plays Quiz Updated Sep 22, 2018

Score 0/60 Timer 05:00
25 Plays Today
% Correct
Arizona
97.5%
Colorado
97.4%
New Mexico
97.1%
Utah
96.8%
John F. Kennedy
96%
Abraham Lincoln
95.9%
Harvard
94.8%
Star
94.8%
Arts
94.7%
Tsar
94.7%
Rats
94.6%
French
94.6%
Yale
94.3%
German
94.2%
Blue Jays
94%
Maple Leafs
93.8%
Queen
93.6%
Italian
93.5%
King
93.4%
Bishop
93.4%
Frontal
93.3%
Dartmouth
93%
Pawn
93%
Frodo Baggins
92.7%
Temporal
92.4%
Occipital
92.1%
Parietal
91.9%
Raptors
91.8%
William McKinley
91.5%
James Garfield
91.4%
% Correct
Good Friday
89.8%
Holy Saturday
89.6%
Brown
88.9%
Maundy Thursday
88.8%
Invisible Woman
88.5%
Mister Fantastic
87.9%
Human Torch
87.8%
Senators
87.3%
Samwise Gamgee
86.5%
John 'Hannibal' Smith
86.3%
H.M. 'Howlin' Mad' Murdock
86%
Spy Wednesday
86%
Jimmy Page
84.4%
Nirodha
82.5%
Dukkha
81.9%
Meriadoc Brandybuck
81.2%
Thing
80.8%
Templeton 'Faceman' Peck
80.7%
Peregrin Took
80.4%
Samudaya
79.8%
Romansh
78.6%
B. A. Baracus
78.2%
Alan Garner
78.1%
Doug Billings
77.5%
Robert Plant
77.4%
Marga
77.3%
Phil Wenneck
75.1%
John Bonham
73.8%
Stu Price
69.4%
John Paul Jones
66.6%

You're not logged in!

Compare scores with friends on all Sporcle quizzes.
OR
Log In

Sporcle TV

Today on Sporcle TV


Watch our educational content, quiz creation guides, and fun videos on Sporcle TV.

Show Comments

Extras

Top Quizzes Today


Score Distribution

Your Account Isn't Verified!

In order to create a playlist on Sporcle, you need to verify the email address you used during registration. Go to your Sporcle Settings to finish the process.

Report this User

Report this user for behavior that violates our Community Guidelines.

Details: